000 00846nam a22002417a 4500
005 20080613160752.0
008 080613t xxu||||| |||| 00| 0 eng d
010 _aENG-90294
020 _a8120334663
_c425.00
035 _aEN-73827
037 _bDBAD / PUB
040 _aDPL
_bEN
082 _a537
100 _aPramanik, Ashutosh
_952937
245 _aElectromagnetism:
_cby Ashutosh Pramanik
_bproblems with solutions /
250 _a2nd ed.
260 _aNew Delhi
_bPrentice Hall of India
_c2008
270 _aM-97, Connaught Circus,
_bNew Delhi
_e110001
300 _ax,806p.
_c23 cm (pbk)
500 _aIncludes bibliographical references
942 _cEN
_h537
_2ddc
_mPRA
999 _c13643
_d13643